Commandes linux - Statistiques

Statistiques générales
  • Ce quiz a été pris 36 fois
  • Le résultat moyen est 11 sur 20
Statistiques - réponses
Hint Réponse % Correct
Changer de dossier cd
96%
Lister les fichiers d’un dossier ls
92%
Copier un fichier cp
80%
Supprimer un fichier rm
80%
Créer un dossier mkdir
72%
Afficher le contenu d’un fichier cat
68%
Créer un fichier vide touch
68%
Déplacer ou renommer un fichier mv
64%
Afficher le chemin actuel pwd
64%
Se connecter en SSH ssh
64%
Tuer un processus kill
60%
Installer un paquet (Debian/Ubuntu) apt
56%
Donner les droits d’un fichier chmod
56%
Chercher un mot dans un fichier grep
44%
Changer le propriétaire d’un fichier chown
40%
Afficher les 10 premières lignes d’un fichier head
40%
Afficher les 10 dernières lignes d’un fichier tail
40%
Voir les processus ps
36%
Mettre à jour les paquets apt update
16%
Voir les processus en temps réel top
12%
Aucun quiz correspondant
Distribution des résultats
% des personnes avec chaque résultat
Percentile par nombre de réponses
Votre historique - résultats
Vous n’avez pas pris ce quiz